Population dynamics of commercial fish in inland reservoirs
Gardado en:
| Autor Principal: | |
|---|---|
| Formato: | Libro |
| Idioma: | Lingua castelá |
| Publicado: |
Rotterdam
A.A. Balkema
1996
|
| Subjects: | |
| Tags: |
Engadir etiqueta
Sen Etiquetas, Sexa o primeiro en etiquetar este rexistro!
|
MARC
| LEADER | 00000nam a2200000 a 4500 | ||
|---|---|---|---|
| 001 | UCK6308 | ||
| 003 | CL-VaPUC | ||
| 008 | 050916e19960000NE |||||||||||||||||spa|d | ||
| 020 | |a 9054102594 | ||
| 082 | 0 | 4 | |a 639.93 |b KUD |2 21 |
| 100 | 0 | |a Kuderskii, L. A |e author |9 495446 | |
| 245 | 1 | 0 | |a Population dynamics of commercial fish in inland reservoirs |
| 300 | |a 156 p | ||
| 942 | |c BK | ||
| 945 | |d 20050916 00:00:00 |a jcarroza | ||
| 260 | |a Rotterdam |b A.A. Balkema |c 1996 | ||
| 650 | 7 | |a POBLACION DE PECES |2 CL-VaPUC |9 261161 | |
| 650 | 0 | |a Peces de agua dulce |9 261578 | |
| 650 | 7 | |a DINAMICA POBLACIONAL |2 CL-VaPUC |9 357685 | |
| 583 | |a last modification |c 20050916 00:00:00 |k Rodrigo Vera | ||
| 999 | |c 314605 |d 314603 | ||
| 952 | |0 0 |1 0 |4 0 |6 639_930000000000000_KUD_1996 |7 0 |8 CCM |9 387132 |a BIBCUR |b BIBCUR |d 2019-11-22 |i 4165950 |o 639.93 KUD 1996 |p 4165950 |r 2025-04-22 |w 2019-11-22 |y BK |k CIM | ||